000 00537nam a2200217Ia 4500
003 OSt
005 20220923211907.0
006 a|||||r|||| 00| 0
007 ta
008 Pun
024 _a69,996
037 _cTextual
040 _aARTS
_cARTS
_bPun
041 _2Pun
_aPun
082 _aQ8441:2M82,G, 153G2
100 _aਜੋਧ ਸਿੰਘ
245 0 _aਗੁਰਮਤਿ ਨਿਰਣਯ
260 _c1932
942 _hQ8441:2M82,G, 153G2
_cTEXL
_2CC
999 _c304449
_d304449